00521 2200193 4500001002100000005001500021035002000036245007200056100002100128300002500149260003600174082001200210084001800222020002300240600001300263990001700276990001700293990001700310INLIS00000000000151720260702081548 a0010-07260000061 aIlmu dan Makrifat Jalan Pengetahuan Menuju Allah /cImam al-Ghazali0 aGhazali Imam al- a98 hlm ;c14 X 21 cm aYogyakarta :bDIVA Press,c2023 a297.211 a297.211 GHA i a978-623-189--198-3 4aMakrifat a4930/PP/2026 a4931/PP/2026 a4932/PP/2026